| 000 | 00645nam a22001937a 4500 | ||
|---|---|---|---|
| 005 | 20251108164844.0 | ||
| 008 | 250721s1975 xx 000 0 ara d | ||
| 082 | 1 | 4 | _a810.909563/ثا |
| 100 | 1 | _aثامر، فاضل | |
| 245 | 1 | 0 |
_aمعالم جديدة في أدبنا المعاصر : _bكتابات نقدية في الشعر و الروايه / |
| 264 | 1 |
_aبغداد : _bوزارة الإعلام، _c1975. |
|
| 300 | _a402 ص | ||
| 490 | 0 | _a) سلسلة الكتب الحديثة ؛ 81 ) | |
| 650 | 1 | 7 | _aالأدب العربي |
| 650 | 1 | 7 | _aالنقد الأدبي |
| 650 | 1 | 7 | _aالعراق |
| 942 |
_2ddc _cBK |
||
| 999 |
_c15972 _d15972 |
||